[Event "EU-chT (Men) 14th"]
[Site "Plovdiv"]
[Date "2003.10.11"]
[Round "1.2"]
[White "Mchedlishvili, Mikheil"]
[Black "Kallio, Heikki"]
[Result "1/2-1/2"]
[WhiteElo "2557"]
[BlackElo "2493"]
[Annotator "Roiz,M"]
[PlyCount "76"]
[EventDate "2003.10.10"]
[EventType "team-swiss"]
[EventRounds "9"]
[EventCountry "BUL"]
[SourceTitle "CBM 098"]
[Source "ChessBase"]
[SourceDate "2004.02.03"]
[SourceVersion "1"]
[SourceVersionDate "2004.02.03"]
[SourceQuality "1"]
[WhiteTeam "Georgia"]
[BlackTeam "Finland"]
[WhiteTeamCountry "GEO"]
[BlackTeamCountry "FIN"]

1. d4 {. Rabinovich,Al} Nf6 2. c4 e6 3. Nf3 b6 4. e3 Bb7 5. Bd3 Bb4+ 6. Nbd2 c5
{In my opinion,that is the right moment for that move.} (6... O-O 7. O-O c5 8.
a3 Bxd2 9. Bxd2 d6 ({now after} 9... Ne4 {white can save his bishop by} 10. Be1
) 10. b4 (10. dxc5 bxc5 11. Qc2 Nbd7 12. Bc3 a5 13. Rad1 h6 14. Nd2 Qc7 15. f4
$14 {Dreev,A-Shipov,S/St.Petersburg op 1993}) 10... Nbd7 11. Bc3 Re8 {N} (11...
Qc7 12. Rc1 Rad8 (12... Rfe8 13. Nh4 Rad8 14. f4 $2 Be4 $15 {Sherwin,
J-Petrosian,T/Lone Pine 1976}) 13. Nd2 Rfe8 14. Bb1 Bc6 15. Re1 Qb7 $2 16. d5
exd5 17. b5 $16 {Ehlvest-Kharitonov /Sverdlovsk 1984}) (11... Qe7 12. Nd2 (12.
Re1 {} Ne4 13. Bxe4 Bxe4 14. Nd2 Bg6 $10 {Frias,V-Kosten,A/London WFW 1990})
12... Rfc8 13. dxc5 dxc5 14. Qc2 Rd8 15. Rfd1 Nf8 16. Nf1 Ne8 17. Ng3 Rd7 18.
b5 Rad8 19. a4 a5 20. Rd2 Nd6 {1/2-1/2 Kharitonov,A-Balashov,Y/RUS-ch Elista 
(05) ;CBM 50 1995}) 12. Nd2 Rc8 13. Rc1 Rc7 14. Re1 Nf8 15. a4 $14 {1-0
Khalifman,A-Romanishin,O/Ischia 1996/CBM 54/[Dautov] (35)}) 7. a3 Bxd2+ 8. Bxd2
Ne4 {Black doesn't allows white to play with a pair of bishops.} (8... d6 9.
dxc5 (9. Bc3 Nbd7 10. O-O Qc7 11. b4 O-O 12. Rc1 Rac8 13. Nd2 Rfe8 14. f3 d5
15. Qe2 $14 {1-0 Mikhalchishin,A-Van der Werf,M/Groningen 1992/EXT 97 (58)})
9... bxc5 10. Qc2 Nc6 11. Bc3 Qb6 12. O-O a5 13. Rfd1 Ne7 14. Nd2 Ng6 15. f3
O-O 16. Nf1 Nd7 17. Be2 Nde5 18. Ng3 $14 {1-0 Cramling,P-Wallace,J/Yerevan
1996/EXT 97 (39)}) 9. Bxe4 {That move is practically forced.} (9. O-O Nxd2 10.
Nxd2 (10. Qxd2 Bxf3 11. gxf3 Qg5+ 12. Kh1 cxd4 13. Be4 Nc6 $15) 10... cxd4 11.
exd4 Qf6 $11) 9... Bxe4 10. Bc3 f6 $8 (10... O-O $2 11. dxc5 bxc5 12. Qd6 Bxf3
13. gxf3 Qb6 14. Qe7 Nc6 15. Qf6 $3 e5 16. Rg1 g6 17. O-O-O $18 {1-0 Piskov,
Y-Savon,V/Alushta 1992/EXT 97 (30)}) (10... d5 $2 11. dxc5 bxc5 12. Nd2 Bxg2
13. Qa4+ Kf8 (13... Qd7 14. Qxd7+ Nxd7 15. Rg1 $16) 14. Rg1 d4 15. exd4 Bc6 16.
Qd1 $2 cxd4 17. Bb4+ Kg8 (17... Ke8 18. Qg4 $16 {[%csl Re8][%cal Ge1c1]}) 18.
Rxg7+ Kxg7 19. Qg4+ Kf6 20. Qh4+ Kg7 21. Be7 $18) 11. Nd2 Bg6 12. h4 $5 $146 {
[%cal Gh4h5] A new attempt to fight for advantage in this line.White wants to
force black to take on d4-that pawn structure is favourable for white,since
that would allow him to seize the space,pushing his pawns(b2-b4 and e3-e4).On
the other hand,that game shows that white can reach only a minimal advantage.}
(12. dxc5 bxc5 13. h4 h5 14. Qf3 Nc6 15. Ne4 (15. Rd1 O-O 16. Qg3 Bc2 17. Rc1
Bf5 18. e4 Bh7 19. Qe3 Qe7 20. O-O e5 $11 {[%csl Rd4][%cal Gc6d4] 0-1 Stoeber,
M-Arkell,K/Hastings 1995/CBM 50 ext (34)}) 15... Qe7 16. Rd1 O-O (16... Bxe4
17. Qxe4 Rd8 {[%cal Gd7d5]} 18. Qf3 (18. Qg6+ Qf7 (18... Kf8 19. Rh3 $14) 19.
Qxf7+ Kxf7 20. b4 $14 {[%cal Ge1e2] Before black played a5!}) 18... Qf7 {
[%cal Ge7f7,Gf7g6,Gg6g4,Gg4f3,Gg4c4]} (18... Ne5 19. Bxe5 fxe5 20. Rh3 $16 {
[%csl Ra7,Rc5,Re5,Rg7,Rh5][%cal Gf3e4,Ge4g6,Ge4b7]}) 19. Rd6 Qg6 {Since the
position is not open black can afford himself to loose a few tempos for this
Q-trip to g4.Without the queens on the board black will be safe.} 20. O-O Qg4
21. Rfd1 a5 $1 $11 {[%csl Ra3,Rb2][%cal Ga5a4] 0-1 Kacheishvili,G-Graf,A/Ohrid
2001/CBM 84/[Rabinovich,Al] (44)}) 17. Nd6 Rab8 18. Qg3 Kh7 19. O-O a6 20. Rd2
Rb3 21. Rfd1 e5 $11 {1/2-1/2 Petrosian,A-Chernin,A/Palma de Mallorca 1989/TD 
(26)}) 12... cxd4 {Black must prevent h5-h6,but firstly he has to take on d4.}
({after} 12... h5 13. d5 exd5 14. cxd5 $14 {the pawn on h5 is a good target
for white,and that allows him to start an immediate attack:} O-O $6 15. g4 $40)
13. Bxd4 h5 {That is a necessary move.} (13... h6 14. Qg4 $1 $16) 14. Bc3 Nc6
15. Qf3 Qc7 {Black is waiting for white's castle.} (15... O-O $5 16. g4 $1 Ne5
17. Bxe5 fxe5 18. Qg2 Qf6 $13) 16. O-O Rc8 {The most reasonable spot for Ra8.}
({another possibility was:} 16... O-O 17. Rac1 Rad8 $5 {[%cal Gd7d5]} 18. e4
$14 f5 $140 19. e5 $1 f4 20. Rfe1 Rf5 21. Qe2 $14 {[%cal Gd2f3]}) 17. Rfd1 Bf5
18. Qe2 Bg4 $6 {A loss of time.White is planning to play f2-f3 and e3-e4
anyway-there is just no other plan.} (18... Bg6 $142 19. Rac1 O-O {and black
is close to equality.}) 19. f3 Bf5 20. Nf1 $1 {That is a typical knight's
transfer-the most comfortable place for it is on e3.} Bg6 21. e4 $14 {White
has got a typical space advantage.Actually,that is probably an ideal position
that he could only reach,since black has no counterplay at all.On the other
hand,black has only one visible weakness on d7,and it is very hard to break
his position.} Bf7 {The bishop has nothing to on g6 anymore.On the other hand,
here it may be useful,since sometimes black can play e6-e5,attacking white's
pawn on c4.} 22. Rac1 O-O 23. b4 {Without that move there is no other plan for
white.Now he can sometimes push c4-c5 or a3-a4-a5.That deserves an accurate
play from black.} ({white could also build up another pawns chain:} 23. Ne3
Rfd8 24. b3 d6 25. a4 {but it is very hard to realize a4-a5 without b3-b4.})
23... d6 24. Ne3 Nd8 $1 {An excellent knight's transfer! It will prevent some
breaks like c4-c5 or a3-a4-a5 and protect on d6.} 25. Be1 {In my opinion,white
cannot make progress on the queen side,so he should try to start some
operations on the king-side.Thats why better was to keep the bishop on the
long diagonal.} ({more to the point was:} 25. Bb2 Nb7 26. Kh1 {[%cal Gd1g1,
Gg2g4] trying to break black's position on the king-side.That will practically
force black to play:} e5 {and after} 27. Rg1 $14 {[%cal Gg2g4,Ge3f5] white has
more chanses for success than in the game.}) 25... Nb7 26. Qb2 {Protecting on
Rc1 in view of the possible b6-b5.On the other hand,now white's pieces are not
ready for some active play on the king side.} ({after} 26. Rc2 Rfd8 27. Rdc1
Qe7 {i don't see how white can make progress.}) 26... Rfd8 27. Bf2 Rb8 {
Black cannot improve the placement of his pieces,so he has just to wait.} 28.
Rd2 Rbc8 29. Rcd1 {All white pieces are at the ideal positions,but there is
the known rule:''one weakness in opponent's position is not enouth for a win!''
} e5 {That wasn't necessary,but probably the best.Now white hasn't time to
prepare g2-g4 because of black's pressure on c4.} 30. Rc2 Be6 31. Rdc1 {
White has perepared Ne3-d5,but black can do with it.} Kh8 32. Rc3 Qf7 33. Qd2
Rd7 34. Nd5 Kh7 35. R1c2 Rg8 $1 {Black shows that now he can also play g7-g5,
creating counterplay on the king side.Now white's pressure on d6 is not so
powerful,and c4-c5 is not dangerous at all.} 36. Be3 {Preventing g7-g5.} Rc8
$11 {Now it is clear that white cannot make any progress,and i can even say
that the position is about equal.} 37. Qd1 Nd8 38. Bf2 Nc6 {[%mdl 288] White
can never put pressure on d6-in that way he must remove his knight from d5,and
that not possible-white has a weakness on c4 also! In my opinion,that game is
a nice example of how defending side has to play with less space.} 1/2-1/2

[Event "EU-ch 5th"]
[Site "Antalya"]
[Date "2004.05.22"]
[Round "7"]
[White "Kempinski, Robert"]
[Black "Navara, David"]
[Result "0-1"]
[WhiteElo "2586"]
[BlackElo "2602"]
[Annotator "Roiz,M"]
[PlyCount "84"]
[EventDate "2004.05.15"]
[EventType "swiss"]
[EventRounds "13"]
[EventCountry "TUR"]
[SourceTitle "CBM 101"]
[Source "ChessBase"]
[SourceDate "2004.07.27"]
[SourceVersion "1"]
[SourceVersionDate "2004.07.27"]
[SourceQuality "1"]

1. d4 Nf6 2. c4 e6 3. Nf3 b6 4. e3 Bb7 5. Bd3 c5 6. O-O Be7 7. Nc3 cxd4 8. exd4
d5 9. cxd5 (9. Bg5 dxc4 10. Bxc4 O-O 11. Qe2 Nc6 12. Rad1 Nb4 13. Ne5 Nbd5 14.
Rd3 Nxc3 15. bxc3 Nd5 (15... Ne4 16. Bc1 Nd6 17. Bb3 Rc8 $6 (17... Ba6 $142 18.
c4 Rc8) 18. Rh3 Be4 19. Ba3 Bg6 20. g4 Rc7 21. f4 $36 {1-0 Savon,V-Tal,M/
Moscow 1969/URS-ch (33)}) 16. Bd2 $14 {1-0 Ibragimov,I-Podlesnik,B/Ljubljana
1996/CBM 53 ext (26)}) 9... Nxd5 10. Bb5+ {In that system white's chances of
advantage are usually connected with an attack against black's monarch. That's
why white's last move seems to be not very dangerous for black, as the
exchanges are favourable for him.} ({The most ambitious continuation here is:} 
10. Ne5 O-O 11. Qh5 Nf6 12. Qh4) ({another interesting possibility is:} 10. Re1
Nd7 (10... O-O 11. a3 Nc6 12. Bc2 Rc8 13. Qd3 g6 14. Bh6 Re8 15. h4 Nxc3 16.
bxc3 Bf8 17. Bg5 $14 {Arsovic,Z-Zafirovski,M/JUG-ch op 1996}) 11. Ne4 O-O 12.
a3 N5f6 13. Ng3 {-see comments to 1-0 Sokolov,I-Kudrin,S/ FIDE-Wch k.o. 1999 
[Tyomkin]}) 10... Bc6 11. Qb3 {That move is a very rare guest in practice.} ({
The most popular lines are:} 11. Qa4 Qd7 12. Bxc6 Nxc6 13. Nxd5 Qxd5) ({and} 
11. Bc4 O-O (11... Nxc3 12. bxc3 Nd7 13. Re1 O-O 14. a4 Re8 15. Qd3 Qc7 16. Ng5
Bxg5 17. Bxg5 Rac8 $132 {0-1 Kovacevic,V-Skembris,S/Kavala 1990/CBM 21 (41)})
12. Re1 (12. Qe2 Nxc3 13. bxc3 Bd5 14. Bd3 Nc6 15. Bb2 Rc8 16. Nd2 Bf6 17. Rfd1
Re8 18. Qf1 Na5 $15 {1/2-1/2 Gurevich,M-Yudasin,L/Kiev 1986/URS-ch (41)}) (12.
Ne5 Nxc3 13. bxc3 Bb7 14. Qg4 Qc8 15. Re1 Nc6 16. Bh6 Bf6 $13 {1/2-1/2 Dizdar,
G-Mokry,K/Trencianske Teplice 1985/MCL (31)}) 12... Bb7 13. Bb3 Nxc3 14. bxc3
Nc6 15. Qd3 Rc8 16. Bc2 g6 17. Bh6 Re8 18. Rad1 Qc7 19. Ba4 Bf6 $132 {1/2-1/2
Tal,M-Hjartarson,J/Reykjavik 1986/EXT 2000 (26)}) 11... Nxc3 12. bxc3 O-O $5
$146 {An interesting attempt to improve on black's play. The point is that
white's queen cannot be transfered to the kside so quickly, so black can
complete his development more comfortably.} (12... Bxb5 13. Qxb5+ Qd7 14. a4 (
14. Qh5 $142 $1) 14... Nc6 15. Ne5 $6 (15. c4 $142 Bf6 16. Rd1 O-O 17. Be3 Rfd8
18. Rac1 Rac8 $11) 15... Nxe5 16. Qxe5 O-O 17. Ba3 Rac8 $15 {0-1 Yuferov,
S-Tolnai,T/Budapest 1991/TD (52)}) 13. c4 {The best. Now black has always to
watch out for a possible strategical threat of d4-d5.} ({White's pawn
structure is worse, so he has to play very energetically - otherwise black may
complete his development and fix white's weaknesses. For example:} 13. Ne5 $6
Bxb5 14. Qxb5 Qc7 15. Bb2 Bd6 $15 {and black's chances are better,because he
has a clear plan of attacking white's weak pawns.}) 13... a6 {That move is a
serious strategical mistake in such a positions, since Pb6 turns very weak.
But here it can be explained, as it's not easy for black to complete the
development of his queenside.} ({Deserved attention also:} 13... Bb7 $5 14. Rd1
a6 15. Ba4 b5 16. cxb5 Bd5 17. Qd3 ({after} 17. Qc2 Bxf3 18. gxf3 Bd6 $44 {
black has a sufficient compensation for a pawn.}) 17... axb5 18. Bxb5 Rxa2 19.
Rxa2 Bxa2 $11) 14. Bxc6 Nxc6 {That is an ideal placement for black's knight,
as it can attack both white's central pawns.} 15. Be3 {The most logical
continuation. Now after d4-d5 the bishop may put a strong pressure on black's
pawn b6.} (15. Bb2 Na5 (15... Rc8 $143 16. Bc3 $1 Bf6 17. Rfd1 $14 {[%csl Rb6]
[%cal Ga1b1]}) 16. Qd3 Rc8 17. Rac1 Qc7 18. d5 Nxc4 19. dxe6 fxe6 20. Qe2 Bf6
21. Qxe6+ Qf7 22. Qxf7+ Rxf7 23. Bxf6 Rxf6 $11) 15... Bf6 $1 {[%csl Rd4,Re5,
Gf6][%cal Ge5d4,Yf6d4,Yf6e5] The most accurate move. An important ''e5'' spot
is under control now, no black may consider an opportunity of 16...Na5.} (15...
Qc7 16. Rfc1 Na5 17. Qd3 Rac8 18. c5 $1 $14) 16. Rab1 (16. Rfd1 Na5 17. Qd3 Qc7
18. Rac1 Rac8) 16... Rb8 $11 {[%cal Gb6b5] Now b6-b5 is a strategical threat,
so white has no time to improve his position.} (16... b5 $6 17. cxb5 axb5 18.
Qxb5 Nxd4 19. Bxd4 Bxd4 20. Rbd1 e5 21. Nxe5 Ra5 22. Qd7 Rd5 23. Qxd8 Rfxd8 24.
Rxd4 Rxd4 25. Nc6 $16) 17. Qa4 {That leads to an equal endgame, but probably
white had no better alternatives.} (17. Rfd1 b5 18. c5 Qd5 $1 (18... Ne7 $6 19.
Bf4 Rb7 20. Bd6 $14) 19. Qxd5 exd5 $11) (17. d5 Na5 18. Qd3 exd5 (18... b5 $2
19. cxb5 axb5 20. Bc5 Re8 21. Rxb5 exd5 22. Rxb8 Qxb8 23. Qxd5 $16) 19. cxd5 b5
$11 20. d6 Nc4 21. d7 $6 (21. Bf4 Qd7) 21... Nxe3 22. fxe3 Qe7 $15) 17... Nxd4
18. Bxd4 Bxd4 19. Rbd1 ({After} 19. Rfd1 $6 e5 20. Nxe5 Qh4 21. Nd7 (21. g3
Bxf2+ 22. Kxf2 Qxh2+ $17) 21... Bxf2+ 22. Kh1 Bg3 23. h3 Bc7 {black has a draw
at least.}) 19... e5 20. Nxe5 Qc7 $8 21. Rxd4 {White's heavy pieces are
slighty more active, so he is trying to avoid an exchanges.} (21. Nd7 b5 22.
cxb5 Qxd7 23. Rxd4 Qxb5 $11) (21. Nc6 b5 22. cxb5 (22. Qxa6 Rb6 23. Qa7 Rxc6
24. Qxc7 Rxc7 25. Rxd4 bxc4 $11) 22... axb5 23. Qxd4 Qxc6 $11) 21... Qxe5 22.
Rd5 {After this move black doesn't faces any difficulties at all, as white
couldn't prevent b6-b5.} ({After} 22. Rfd1 {black has to play accurately in
order to equalize:} Ra8 $1 {[%cal Gb6b5]} 23. h3 (23. Qb4 b5 24. c5 Rac8 25.
Rd5 Qe2 $11) 23... b5 24. Qb3 bxc4 25. Qxc4 Rfc8 26. Qd3 g6 $11) 22... Qe6 23.
Qxa6 {Now black's rook becomes very avtive.} (23. Rfd1 b5 24. cxb5 axb5 25. Qb3
Rfe8 $11) 23... Ra8 24. Qb5 (24. Qb7 Rxa2 25. Rb5 Qxc4 26. Rxb6 $11) 24... Rxa2
{Now the position is absolutely equal.} 25. Qb3 (25. h3 g6 26. Rfd1 Qf6 $11)
25... Re2 26. h3 g6 {It's very important to notice that white cannot activate
the Rf1. That fact would allow black to exchange the queenside pawns.} 27. Qb4
Rc8 28. Rd6 Rb2 {The most simple way.} ({Possibly was also:} 28... Qf5 29. Rxb6
Qf4 30. Rd6 Rc2 $11) 29. Qa3 $6 {It's very hard to explain that white is
trying to play for a win in this position! Black's heavy pieces are already
more active, so there was no reason to avoid an exchanges.} (29. Qxb2 $142 Qxd6
30. Re1 Qf4 31. Qxb6 Qxc4 32. Qf6 Qc6 $11) 29... Qe2 $1 {[%csl Rc4] Now the
difference between white's and black's heaqvy pieces is obvious. 30...b6-b5 is
a serious threat.} 30. Rd4 $2 {That is already a serious mistake, which allows
black to advance his ''b'' pawn and exploit white's passivity.} ({It was
necessary to take care of Kg1:} 30. g3 $142 $1 h5 31. h4 Ra2 32. Qb3 Rxc4 33.
Qxb6 $11) 30... b5 $1 31. c5 (31. cxb5 $2 Qxf1+ 32. Kxf1 Rc1+ 33. Rd1 Rxd1#)
31... Rc2 $17 {Suddenly white is in troubles, as he unable to avoid a loss of
pawn.} 32. Rd5 Qe4 $1 {Black should to keep the queens on the board in order
to combine advancing of his passed pawn with some attacking possibilities.} ({
After} 32... Qe7 $143 33. Qe3 $1 Qxe3 34. fxe3 R2xc5 (34... R8xc5 35. Rd7) 35.
Rd7 {white's chanses of draw cannot be understated.}) 33. Rfd1 Qf4 34. Rf1 ({
After} 34. Rd8+ Rxd8 35. Rxd8+ Kg7 36. Qa1+ Kh6 {[%csl Rf2][%cal Gc2c1]} 37.
Qe1 Rxc5 {white's position is also very hard.}) 34... b4 35. Qa5 $2 (35. Qb3 {
was probably more resistant:} R2xc5 36. Rxc5 Rxc5 37. Qb2 {[%cal Gf1b1]} Qe4
38. Rd1 $17 {Here a good technic is deserved from black, as his monarch is not
very safe.}) 35... b3 36. Rd8+ (36. g3 Qc4 37. Rd8+ Rxd8 38. Qxd8+ Kg7 $19)
36... Rxd8 37. Qxd8+ Kg7 $19 {Now white's position is completely lost - he has
no counterplay, so black's ''b'' pawn will decide the game very soon.} 38. Qb6
(38. Qd3 Qb4 39. Qe3 (39. Rb1 Qxc5 $19 {[%csl Rf2][%cal Gc5f2]}) 39... Rxc5 $19
{was also hopeless.}) 38... b2 39. c6 Qf6 {Taking the long diagonal under
control and preventing c6-c7.} 40. Re1 Qxc6 (40... Qc3 41. Rf1 Rc1 $19) 41.
Qd4+ Qf6 42. Qe3 Qc3 0-1